• 首页
  • 本馆介绍
  • 公告通知
  • 最新文献
  • 馆藏检索
  • 电子资源
  • 读者导购
  • 参考咨询
  • 我的图书馆
  • 登录
  • 详细信息显示
  • 放入我的书架
  • 预约/预借图书
  • 作者相关作品
  • 分类相关作品
  • 丛书相关作品
  • 出版社相关作品

书目信息

  • 表格格式
  • 工作单格式
  • 卡片格式
题名:
园林植物病虫害防治
    
 
作者: 王中武 主编
分册:  
出版信息: 延吉   延边大学出版社  2015.7
页数: 409页
开本: 25cm
丛书名:
单 册:
中图分类: S436.8
科图分类:
主题词: 园林植物--病虫害防治--高等学校--教材
电子资源:
ISBN: 978-7-5634-8182-8
000 01096nam0 2200241 450
001 012015000235
005 20151130093936.42
010    @a978-7-5634-8182-8@dCNY55.00
100    @a20150728d2015 em y0chiy0110 ea
101 0  @achi
102    @aCN@b220000
105    @ay z 000yy
106    @ar
200 1  @a园林植物病虫害防治@Ayuan lin zhi wu bing chong hai fang zhi@f王中武等主编
210    @a延吉@c延边大学出版社@d2015.7
215    @a409页@d25cm
330    @a本书为园林专业教材。全书以项目作引领,以典型工作过程为导向,将相关知识的学习贯穿在完成工作任务的过程中,通过具体的实施步骤完成预定的工作任务。以园林植物病虫害综合防治技术能力的培养为主线,从园林植物病虫害防治的岗位分析入手,针对绿化市场的需求,结合职业教育的发展趋势,将本书分为三大模块八个项目来讲述。在理论上重点突出实践技能所需要的理论基础,在实践上突出技能训练与生产实际的“零距离”结合,做到图文并茂,内容翔实。
606 0  @a园林植物@x病虫害防治@x高等学校@j教材
690    @aS436.8@v5
701  0 @a王中武@Awang zhong wu@4主编
701  0 @Adeng@4主编
801  0 @aCN@b碧洲教育@c20151127
905    @a10447@f4@dS436.8@e118
    
    园林植物病虫害防治/王中武等主编.-延吉:延边大学出版社,2015.7
    409页;25cm
    
    
    ISBN 978-7-5634-8182-8:CNY55.00
    本书为园林专业教材。全书以项目作引领,以典型工作过程为导向,将相关知识的学习贯穿在完成工作任务的过程中,通过具体的实施步骤完成预定的工作任务。以园林植物病虫害综合防治技术能力的培养为主线,从园林植物病虫害防治的岗位分析入手,针对绿化市场的需求,结合职业教育的发展趋势,将本书分为三大模块八个项目来讲述。在理论上重点突出实践技能所需要的理论基础,在实践上突出技能训练与生产实际的“零距离”结合,做到图文并茂,内容翔实。
●
相关链接 在E读中查询图书 在五车中查询图书 在当当中查询图书 在豆瓣中查询图书


正题名:园林植物病虫害防治     索取号:S436.8/118         预约/预借

序号 登录号 条形码 馆藏地/架位号 状态 备注
1 0871247   208712473   第二样本阅览室/ [索取号:S436.8/118] 在馆    
2 0871248   208712482   密集书库-生命科学系/ [索取号:S436.8/118] 在馆    
3 0871249   208712491   第三借阅区/ [索取号:S436.8/118] 在馆    
4 0871250   208712507   第三借阅区/ [索取号:S436.8/118] 在馆    
唐山师范学院图书馆 欢迎您!
大连网信软件有限公司© 版权所有